000 00796nam a2200217Ia 4500
003 GCL
008 140319s9999 xx 000 0 ara d
040 _aGCL /
_cGCL
082 0 4 _a810.809287
_bا ا
100 1 _aابن قيم الجوزية: شمس الدين ابو عبدالله محمد بن ابى بكر
245 1 0 _aاخبار النساء /
_cابن قيم الجوزية: شمس الدين ابو عبدالله محمد بن ابى بكر
700 1 _aمفيد محمد قميحة
260 _aبيروت :
_bدار الفكر اللبنانى ،
_c1990
300 _a258 ص
490 _a
650 0 4 _aالشعر العربى
650 0 4 _aالادب العربى
650 0 4 _aدواوين وقصائد
650 0 4 _aالمرأة فى الادب
942 _2ddc
_cBK
999 _c55893
_d55893